| 000 | 00903naa a22002777a 4500 | ||
|---|---|---|---|
| 001 | BR8404245 | ||
| 003 | BR-BrBNA | ||
| 005 | 20250721154445.0 | ||
| 007 | ta | ||
| 008 | 250630b bl.|||m| |||| 00| 0 por d | ||
| 040 |
_aBR-BrBNA _bpor _cBiblioteca Nacional de Agricultura |
||
| 041 | _a(Pt) | ||
| 072 |
_aE20 _b8961 |
||
| 090 | _aE20 BR8404245 | ||
| 100 | 1 | _aBrugnaro, C. | |
| 100 | 1 | _aSbragia, R. | |
| 245 | 1 | _aVisao integrada da gerencia industrial | |
| 500 | _aGerencia industrial em destilarias de alcool Piracicaba, SP (Brasil): 1984. p. 11-33 (BR8404245-AMS) | ||
| 773 | 0 |
_tGerencia industrial em destilarias de alcool _wE20 BR8404245 _gPiracicaba, SP (Brasil), 1984. p. 11-33 |
|
| 650 | _aPLANEJAMENTO ADMINISTRATIVO | ||
| 650 | _aDESTILARIA | ||
| 650 | _aALCOOL | ||
| 490 |
_aColecao PLANALSUCAR (Brazil) _vno. 3 |
||
| 942 |
_cAMS _2AGRIS |
||
| 909 |
_a202506 _bLúcia _c55 _dLúcia Elande |
||
| 999 |
_c334890 _d334890 |
||